| 000 | 00556nam a2200181 a 4500 | ||
|---|---|---|---|
| 001 | 000016068 | ||
| 003 | DO-SdBNP | ||
| 005 | 20220909094649.0 | ||
| 008 | 100224s1927 dr 000 0 spa d | ||
| 040 |
_aDO-SdBNP _bspa _cBNPHU |
||
| 082 | 4 |
_axxxx _bR426L _222 |
|
| 110 | 1 |
_aRepública Dominicana. _9447 |
|
| 240 | 1 | 3 | _a[Leyes, etc.] |
| 245 | 1 | 0 | _aCódigo de procedimiento civil de la República Dominicana. |
| 260 |
_aSanto Domingo : _bSecretaria de Estado de Justicia e Instrucción Pública, _c1927. |
||
| 300 |
_a110 p. ; _c24 cm. |
||
| 942 |
_2ddc _cLBS1 |
||
| 999 |
_c15609 _d15609 |
||